Dance education : basic principles and models for nursery and primary school

Αποθηκεύτηκε σε:
Λεπτομέρειες βιβλιογραφικής εγγραφής
Κύριος συγγραφέας: Haselbach, Barbara
Μορφή: Βιβλίο
Γλώσσα:English
Δημοσίευση: London : Schott, 1978
Θέματα:
Ετικέτες: Προσθήκη ετικέτας
Δεν υπάρχουν, Καταχωρήστε ετικέτα πρώτοι!

MARC

LEADER 00000cam a2200000 i 4500
001 1/78045
008 980825s1978 eng d
020 |a 0-901938-11-4 
035 |l 10032823 
035 |a 1987  |b 3  |c Τσαφταρίδης 
040 |a GR-MY-UA  |b gre  |e aacr 
041 0 |a eng 
082 0 |a 372.86 
100 1 |a Haselbach, Barbara. 
245 1 0 |a Dance education :  |b basic principles and models for nursery and primary school /  |c [by] Barbara Haselbach ; [translated from the German by Margaret Murray] 
260 |a London :   |b Schott,   |c 1978 
300 |a 215 p.;  |b ill., music;  |c 23 cm 
500 |a Translation of Tanzerziehung 
504 |a Βιβλιογραφία: σ. 213-215 
650 0 0 |a Dance for children. 
650 0 0 |a Dance  |x Study and teaching (Preschool) 
650 0 0 |a Movement education. 
852 |a INST  |b RHODES  |e 19980825  |h 372.86 HAS  |p 005400003516  |q 005400003516  |t BK  |y 0 
909 |a Ρ  |b 009966  |c 1987